| 000 | 00512nam a2200145 i 4500 | ||
|---|---|---|---|
| 001 | 110649 | ||
| 003 | ES-MaACL | ||
| 005 | 20230906185121.0 | ||
| 007 | t| | ||
| 008 | 070207s1908 sp ||||1| spa d | ||
| 245 | 0 | 0 | _aJuegos florales celebrados en la ciudad de Toledo en la noche del 24 de Enero de 1908 en honor del insigne toledano D. Francisco de Rojas y Zorrilla. |
| 260 |
_aToledo : _b[s.n., _c1908] ( _fViuda é hijos de J. Pelèz) |
||
| 300 |
_a39 p. : _bil. ; _c25 cm. |
||
| 852 |
_aES-MaACL _jT-1173-F-8 |
||
| 999 |
_c110649 _d110649 |
||